000 nam a22 7a 4500
999 _c54037
_d54037
003 OSt
005 20220728152304.0
008 220728b xxu||||| |||| 00| 0 eng d
040 _cIIMT UNIVERSITY
100 _aJAYDAYAL, GOYDAKA
245 _aSHRIMAD BHAGVAT GEETA
260 _aGORAKHPUR
_bGEETA PRESS
_c0000
300 _a672
942 _2ddc
_c09